00564nam a2200169Ia 4500008004100000020001800041041000800059082001600067100001900083245004300102250000600145260005100151300001200202650003100214999001900245952013000264210716s2010 xx 000 0 und d a9788122428087 aeng a003.55 KHAR aKhanna, Rajiv. aInformation technology and c language. a1 aNew DelhibNew Age International Pvt Ltdc2010 aXIV,297 aInformation Theory(003.54) c192087d192087 001040708MCAaAIMITbAIMITeKnowledge Worldg250.00l0o003.55 KHARpMCA11595r2025-07-21 00:00:00v187.50w2021-07-16yBK